Σχεδιασμός εκπαιδευτικής πολυμεσικής εφαρμογής που συνδυάζει μουσική και γραφικά σύμβολα : μια μελέτη περίπτωσης σε μαθητές του δημοτικού σχολείου : μεταπτυχιακή εργασία

Αποθηκεύτηκε σε:
Λεπτομέρειες βιβλιογραφικής εγγραφής
Κύριος συγγραφέας: Νικολαΐδου, Γεωργία
Συγγραφή απο Οργανισμό/Αρχή: Πανεπιστήμιο Αιγαίου. Σχολή Κοινωνικών Επιστημών. Τμήμα Πολιτισμικής Τεχνολογίας και Επικοινωνίας. Πρόγραμμα Μεταπτυχιακών Σπουδών Πολιτισμική Πληροφορική και Επικοινωνία
Μορφή: Thesis Βιβλίο
Γλώσσα:Greek
Δημοσίευση: 2013
Θέματα:
Διαθέσιμο Online:http://hdl.handle.net/11610/15992
Ετικέτες: Προσθήκη ετικέτας
Δεν υπάρχουν, Καταχωρήστε ετικέτα πρώτοι!

MARC

LEADER 00000cam a2200000 i 4500
001 1/55481
008 140910s2013 gre d
035 |l 10119014 
040 |a GR-MY-UA  |b gre  |e aacr 
041 0 |a gre 
082 0 |a 780  |2 (22) 
100 1 |a Νικολαΐδου, Γεωργία. 
245 1 0 |a Σχεδιασμός εκπαιδευτικής πολυμεσικής εφαρμογής που συνδυάζει μουσική και γραφικά σύμβολα :  |b μια μελέτη περίπτωσης σε μαθητές του δημοτικού σχολείου : μεταπτυχιακή εργασία /  |c Γεωργία Νικολαΐδου ; επιβλέπων: Νίκος Μπουμπάρης 
260 |c 2013 
300 |a 176 σ.;  |b εικ.;  |c 30 εκ. 
500 |a Βιβλιογραφία: σ. 161-167, παράρτημα 
502 |a Διατριβή (μεταπτυχιακή) – Πανεπιστήμιο Αιγαίου, Λέσβος, 2013. 
650 0 0 |a Media programs (Education) 
650 0 0 |a Interactive multimedia. 
650 0 0 |a Audio-visual education. 
650 0 0 |a Music  |x Study and teaching  |x Audio-visual aids. 
650 0 0 |a Dissertations, Academic  |z Greece. 
700 1 |a Μπουμπάρης, Νίκος,  |e dgs 
710 2 |a Πανεπιστήμιο Αιγαίου.   |b Σχολή Κοινωνικών Επιστημών.   |b Τμήμα Πολιτισμικής Τεχνολογίας και Επικοινωνίας.   |b Πρόγραμμα Μεταπτυχιακών Σπουδών Πολιτισμική Πληροφορική και Επικοινωνία. 
852 |a INST  |b LESVOS  |c DIATR  |e 20140910  |h 521  |p 005100055130  |q 005100055130  |t MTXE  |y 23 
852 |a INST  |b LESVOS  |c DIATR  |e 20140910  |h 522  |p 005100055131  |q 005100055131  |t MTXE  |y 23 
856 |u http://hdl.handle.net/11610/15992 
901 |a BIBL1-2014-3 
909 |a Λ  |b 190665 
909 |a Λ  |b 190666 
924 |a ΝΙΚΟΛΑΙΔΟΥ  |b ΓΕΩΡΓΙΑ  |y ΛΕΣΒΟΣ  |z 2013-06 
970 |a ΤΖΑΦΕΡΗ  |b ΕΥΑΓΓΕΛΙΑ  |z 2014/09/10